Länder, die an der Fußball-EM 2021 teilnehmen - Statistiken

Allgemein
  • Dieses Quiz wurde 48.117 mal gespielt
  • Das Durchschnittsergebnis liegt bei 20 aus 24
Antwortstatistiken
Land % Korrekt
Deutschland
99%
Frankreich
96%
Italien
96%
Portugal
96%
Spanien
95%
England
92%
Schweiz
92%
Österreich
89%
Schweden
89%
Belgien
87%
Dänemark
86%
Niederlande
86%
Polen
86%
Kroatien
82%
Ungarn
80%
Ukraine
78%
Russland
77%
Tschechien
76%
Finnland
75%
Türkei
75%
Slowakei
67%
Wales
66%
Schottland
63%
Nordmazedonien
49%
Keine übereinstimmenden Quizze gefunden
Verteilung der Resultate
Anzahl Personen mit jedem Resultat
Perzentil nach korrekt beantworteten Fragen
Ihre Resultats-Entwicklung
Sie haben dieses Quiz noch nicht gespielt